Uneasy allies: the far right comes to power /

Salvato in:
Dettagli Bibliografici
Autore principale: Molina Mejía, Raúl
Natura: testo
Soggetti:
Tags: Aggiungi Tag
Nessun Tag, puoi essere il primo ad aggiungerne!!

MARC

LEADER 00000 a a2200000 04500
001 9936
003
040
100 |a Molina Mejía, Raúl  
245 |a Uneasy allies:   |b the far right comes to power /  |c Raúl Molina Mejía 
650 |a ANALISIS POLITICO  
650 |a ELECCIONES  
650 |a GOBIERNO  
650 |a DERECHOS HUMANOS  
650 |a PARTIDOS POLITICOS  
773 |g volumen 33, número 4; páginas 11-12  
999 |c 37788  |d 37788